Biochemistry

में बचाया:
ग्रंथसूची विवरण
मुख्य लेखक: Voet, Donald
स्वरूप: पुस्तक
भाषा:Undetermined
प्रकाशित: New York John Wiley & Sons c1995
विषय:
टैग : टैग जोड़ें
कोई टैग नहीं, इस रिकॉर्ड को टैग करने वाले पहले व्यक्ति बनें!
Thư viện lưu trữ: Trung tâm Học liệu Trường Đại học Cần Thơ
LEADER 00463nam a2200181Ia 4500
001 CTU_127262
008 210402s9999 xx 000 0 und d
082 |a 572 
082 |b V876 
100 |a Voet, Donald 
245 0 |a Biochemistry 
245 0 |c Donald Voet, Judith G. Voet 
260 |a New York 
260 |b John Wiley & Sons 
260 |c c1995 
650 |a Biochemistry 
904 |i Hiếu 
980 |a Trung tâm Học liệu Trường Đại học Cần Thơ